[Event "Panevezys op"]
[Site "Panevezys"]
[Date "2023.08.19"]
[Round "3"]
[White "Krivonosov, Oleg"]
[Black "Bekasovs, Rihards"]
[Result "1/2-1/2"]
[WhiteElo "2363"]
[BlackElo "2076"]
[PlyCount "143"]
[EventDate "2023.08.18"]
[EventType "swiss"]
[EventRounds "7"]
[EventCountry "LTU"]
[SourceTitle "EXT 2024"]
[Source "ChessBase"]
[SourceDate "2023.10.10"]
[SourceVersion "1"]
[SourceVersionDate "2023.10.10"]
[SourceQuality "1"]

1. Nf3 Nf6 2. c4 e6 3. g3 d5 4. d4 Be7 5. Bg2 0-0 6. 0-0 dxc4 7. Ne5 Nc6 8. Bxc6 bxc6 9. Nxc6 Qe8 10. Nxe7+ Qxe7 11. Qa4 e5 12. dxe5 Qxe5 13. Nc3 Ne4 14. Qb5 Qe6 15. Qd5 Nxc3 16. Qxe6 Bxe6 17. bxc3 Rab8 18. Rd1 h6 19. f3 Rb5 20. Kf2 Rfb8 21. g4 h5 22. h3 hxg4 23. hxg4 f6 24. Bf4 Rc8 25. Rab1 a6 26. e4 Kf7 27. Ke2 Ke7 28. Bg3 Kf7 29. Bf4 Ke7 30. Rg1 Rcb8 31. Rxb5 Rxb5 32. Rd1 Rb2+ 33. Rd2 Rxd2+ 34. Kxd2 c5 35. Ke3 Bd7 36. Bc7 Ba4 37. Kd2 Bd7 38. Bh2 Bc6 39. Bg1 Kd6 40. Ke3 g5 41. Bh2+ Ke6 42. Bc7 Ba4 43. Kd2 Bc6 44. Bd8 Ba4 45. Ba5 Kd6 46. Bd8 Ke6 47. Bc7 Kd7 48. Bb8 Ke6 49. Ba7 Kd6 50. Bb6 Bb5 51. Ke3 Bd7 52. Bd8 Ke6 53. f4 gxf4+ 54. Kxf4 Ba4 55. Bb6 Bc2 56. Bxc5 a5 57. Bb6 a4 58. a3 Bd1 59. Bd8 Be2 60. g5 fxg5+ 61. Bxg5 Bd1 62. Ke3 Bc2 63. Kd4 Bb3 64. Bf4 Ba2 65. Kc5 Bb3 66. Kb5 Kd7 67. Bg3 Ke6 68. e5 Kd5 69. Bh2 Ke6 70. Kc5 Ba2 71. Kc6 Bb3 72. Bg3 1/2-1/2

[Event "Panevezys op"]
[Site "Panevezys"]
[Date "2023.08.18"]
[Round "1"]
[White "Andrijauskas, Domas"]
[Black "Bekasovs, Rihards"]
[Result "0-1"]
[WhiteElo "1384"]
[BlackElo "2076"]
[PlyCount "138"]
[EventDate "2023.08.18"]
[EventType "swiss"]
[EventRounds "7"]
[EventCountry "LTU"]
[SourceTitle "EXT 2024"]
[Source "ChessBase"]
[SourceDate "2023.10.10"]
[SourceVersion "1"]
[SourceVersionDate "2023.10.10"]
[SourceQuality "1"]

1. c4 c5 2. e3 Nf6 3. Nf3 g6 4. Nc3 Bg7 5. d4 0-0 6. d5 d6 7. Be2 e6 8. 0-0 exd5 9. Nxd5 Nc6 10. Bd2 Ne4 11. Qc2 Bf5 12. Bd3 Nxd2 13. Qxd2 Bxd3 14. Qxd3 Qd7 15. Rab1 Rad8 16. Rfd1 Rfe8 17. a3 b6 18. b4 cxb4 19. axb4 Qc8 20. Rbc1 Qb7 21. Qa3 Rc8 22. Nc3 Red8 23. Nb5 Bf8 24. Nbd4 Ne5 25. Qb3 Nxf3+ 26. Nxf3 d5 27. cxd5 Rxc1 28. Rxc1 Qxd5 29. Qb1 a5 30. bxa5 bxa5 31. Qa1 Bg7 32. Qa4 Bb2 33. Rb1 Bc3 34. h3 Qd7 35. Qxd7 Rxd7 36. Rb3 Bf6 37. Ra3 Ra7 38. Ra4 Bc3 39. Nd4 Bxd4 40. exd4 Kf8 41. Kf1 Ke7 42. Ke2 Kd6 43. Kd3 Kd5 44. g3 g5 45. f3 h5 46. g4 h4 47. Kc3 f6 48. Kd3 Ra8 49. Kc3 Rc8+ 50. Kd3 Ra8 51. Kc3 Kc6 52. Kc4 Kd6 53. Kd3 Kc6 54. Kc4 Ra7 55. d5+ Kd6 56. Kd4 Ra8 57. Ke4 Kc5 58. Kf5 Kb5 59. Ra1 Ra6 60. f4 gxf4 61. Kxf4 Kc5 62. Ke4 a4 63. Rc1+ Kd6 64. Rf1 Kd7 65. Kd4 a3 66. Ra1 a2 67. Kc5 Ra8 68. Kd4 Kd6 69. Kc4 Ra7 0-1

[Event "Riga Tech op 11th"]
[Site "Riga"]
[Date "2022.08.18"]
[Round "5"]
[White "Bekasovs, Rihards"]
[Black "Laurusas, Tomas"]
[Result "1/2-1/2"]
[WhiteElo "2124"]
[BlackElo "2573"]
[PlyCount "286"]
[EventDate "2022.08.15"]
[EventType "swiss"]
[EventRounds "9"]
[EventCountry "LAT"]
[SourceTitle "CBM 209 Extra"]
[Source "ChessBase"]
[SourceDate "2022.09.30"]
[SourceVersion "1"]
[SourceVersionDate "2022.09.30"]
[SourceQuality "1"]

1. d4 d5 2. c4 e5 3. e3 exd4 4. exd4 Bb4+ 5. Bd2 Bxd2+ 6. Nxd2 Nf6 7. Ngf3 0-0 8. Be2 dxc4 9. Nxc4 Be6 10. 0-0 Nc6 11. Re1 h6 12. Rc1 Ne7 13. a3 a5 14. Nce5 c6 15. Nd3 Bd5 16. Nc5 Qc7 17. b4 axb4 18. axb4 Ng6 19. b5 Ra3 20. bxc6 bxc6 21. Nd3 Qb6 22. Nde5 Nf4 23. Nc4 Bxc4 24. Bxc4 N6d5 25. Ne5 Rd8 26. Qd2 Ne6 27. Red1 Raa8 28. Be2 Ndf4 29. Nxc6 Nxd4 30. Nxd4 Rxd4 31. Qc2 Re8 32. Bf3 Qa5 33. g3 Ne6 34. Rxd4 Nxd4 35. Qc3 Qe5 36. Kg2 Rd8 37. Re1 Qf6 38. h4 g6 39. Re4 Kg7 40. Rf4 Qe5 41. Re4 Qf6 42. Rf4 Qd6 43. Re4 Rd7 44. Re8 Rc7 45. Qe3 Ne6 46. Ra8 Qd4 47. Qxd4+ Nxd4 48. Bd5 Rd7 49. Bc4 Kf6 50. Ra5 Nf5 51. Rd5 Ra7 52. Bd3 Ne7 53. Rb5 Nc8 54. Rc5 Nd6 55. Kf3 Ra3 56. Ke2 Ra4 57. Rd5 Ke6 58. Rc5 Rb4 59. Ke3 Rb3 60. Ke2 Ra3 61. Bc4+ Kf6 62. Bd3 Ra7 63. Rd5 Rd7 64. Rc5 Re7+ 65. Kd2 Re5 66. Rc6 Ke6 67. Ra6 Rc5 68. Ke3 Ke5 69. Ra7 g5 70. hxg5 hxg5 71. f4+ Ke6 72. fxg5 Rxg5 73. Kf3 Rc5 74. Ke3 Re5+ 75. Kf3 Re1 76. Ra6 Rc1 77. Ke3 Re1+ 78. Kf3 Ke5 79. Ra4 f6 80. Rb4 Nf7 81. Kf2 Rc1 82. Re4+ Kd5 83. Rf4 Ne5 84. Be2 Rc2 85. Ke3 Rc3+ 86. Kf2 Ke6 87. Bg4+ Kf7 88. Be2 Ra3 89. Rd4 Ke6 90. Rf4 Ra2 91. Ke3 Rb2 92. Bc4+ Ke7 93. Be2 Nc6 94. Re4+ Kd6 95. Rf4 Ke6 96. Re4+ Kf7 97. Rf4 Rb3+ 98. Kf2 Ra3 99. Rc4 Ne7 100. Rf4 Kg6 101. Rd4 Ra2 102. Kf3 Ra3+ 103. Kf2 Kg5 104. Rg4+ Kf5 105. Rf4+ Ke5 106. Rf3 Ra7 107. Re3+ Kf5 108. Rf3+ Kg5 109. Rf4 Nd5 110. Rd4 Ra5 111. Rc4 f5 112. Rd4 Nf6 113. Bf3 Ra2+ 114. Ke3 Ra3+ 115. Kf2 Rc3 116. Ra4 Rc2+ 117. Ke3 Nd7 118. Rd4 Rc3+ 119. Kf2 Nc5 120. Ke2 Kf6 121. Rd5 Ke6 122. Rd4 Nb3 123. Rd1 Nc1+ 124. Kd2 Rxf3 125. Rxc1 Rxg3 126. Ke2 Kf6 127. Kf2 Ra3 128. Rc4 Ke5 129. Rb4 Rd3 130. Rb5+ Ke4 131. Rb4+ Rd4 132. Rxd4+ Kxd4 133. Kf3 Ke5 134. Ke3 f4+ 135. Kf3 Kf5 136. Kf2 Ke4 137. Ke2 f3+ 138. Kf2 Kf4 139. Kf1 Kg4 140. Kf2 Kf4 141. Kf1 Kg3 142. Kg1 f2+ 143. Kf1 Kf3 1/2-1/2

[Event "Riga Tech op 11th"]
[Site "Riga"]
[Date "2022.08.16"]
[Round "2"]
[White "Carlsson, Ludvig"]
[Black "Bekasovs, Rihards"]
[Result "1-0"]
[WhiteElo "2387"]
[BlackElo "2124"]
[PlyCount "71"]
[EventDate "2022.08.15"]
[EventType "swiss"]
[EventRounds "9"]
[EventCountry "LAT"]
[SourceTitle "CBM 209 Extra"]
[Source "ChessBase"]
[SourceDate "2022.09.30"]
[SourceVersion "1"]
[SourceVersionDate "2022.09.30"]
[SourceQuality "1"]

1. d4 Nf6 2. c4 c5 3. d5 e6 4. Nc3 exd5 5. cxd5 d6 6. e4 g6 7. Nge2 Bg7 8. Ng3 0-0 9. Be2 Na6 10. 0-0 Nc7 11. Bg5 h6 12. Be3 Rb8 13. a4 Re8 14. Qd2 Kh7 15. f4 a6 16. e5 dxe5 17. d6 Na8 18. f5 e4 19. Bc4 Qd7 20. Bxc5 b6 21. Be3 Bb7 22. Qe2 b5 23. axb5 axb5 24. Bxb5 Bc6 25. fxg6+ fxg6 26. Bxc6 Qxc6 27. Ra6 Nb6 28. Na4 Nfd5 29. Nxb6 Nxb6 30. d7 Red8 31. Qf2 Rf8 32. Rxb6 Qxd7 33. Qe2 Rxb6 34. Bxb6 Rb8 35. Bf2 Rxb2 36. Qxe4 1-0

[Event "Panevezys Kveinys Memorial op"]
[Site "Panevezys"]
[Date "2020.06.28"]
[Round "4"]
[White "Stremavicius, Pijus"]
[Black "Bekasovs, Rihards"]
[Result "1/2-1/2"]
[WhiteElo "2163"]
[BlackElo "2179"]
[PlyCount "109"]
[EventDate "2020.06.26"]
[EventType "swiss"]
[EventRounds "9"]
[EventCountry "LTU"]
[SourceTitle "CBM 197 Extra"]
[Source "ChessBase"]
[SourceDate "2020.09.30"]
[SourceVersion "1"]
[SourceVersionDate "2020.09.30"]
[SourceQuality "1"]

1. Nf3 Nf6 2. c4 c5 3. b3 g6 4. Bb2 Bg7 5. g3 b6 6. Bg2 Bb7 7. 0-0 0-0 8. d4 cxd4 9. Qxd4 d6 10. Nc3 Ne4 11. Qe3 Nxc3 12. Bxc3 Bxc3 13. Qxc3 Nd7 14. Rfd1 Nf6 15. Qd4 Qc7 16. Rac1 Rac8 17. Qf4 Kg7 18. Ne1 Bxg2 19. Nxg2 Qb7 20. Ne3 Qe4 21. Qxe4 Nxe4 22. f3 Nf6 23. Kf2 Rc7 24. g4 h6 25. h4 Rd8 26. Rc2 e6 27. Rcd2 Rcd7 28. g5 Ne8 29. Ng4 h5 30. Ne5 Rc7 31. f4 a6 32. Nf3 b5 33. cxb5 axb5 34. Nd4 Rb8 35. e4 e5 36. fxe5 dxe5 37. Nf3 Ra8 38. Re2 f6 39. Rd5 Rca7 40. Rxb5 Rxa2 41. Rb7+ Kg8 42. Rxa2 Rxa2+ 43. Ke3 Ra5 44. Rd7 Rb5 45. Nd2 fxg5 46. hxg5 h4 47. Kf3 Ng7 48. Rd5 Rxd5 49. exd5 Nf5 50. Ke4 h3 51. Nf1 Kf7 52. Kxe5 Ke7 53. b4 Nd6 54. Kd4 Nf7 55. Ke4 1/2-1/2

[Event "Riga Summer op"]
[Site "Riga"]
[Date "2020.06.17"]
[Round "4.3"]
[White "Berzinsh, Roland"]
[Black "Bekasovs, Rihards"]
[Result "1-0"]
[WhiteElo "2375"]
[BlackElo "2179"]
[PlyCount "101"]
[EventDate "2020.06.15"]
[EventType "swiss"]
[EventRounds "9"]
[EventCountry "LAT"]
[SourceTitle "CBM 197 Extra"]
[Source "ChessBase"]
[SourceDate "2020.09.30"]
[SourceVersion "1"]
[SourceVersionDate "2020.09.30"]
[SourceQuality "1"]

1. e4 e6 2. d4 d5 3. exd5 exd5 4. Nf3 Nf6 5. c4 Bb4+ 6. Bd2 Bxd2+ 7. Nbxd2 0-0 8. Be2 dxc4 9. Nxc4 Nbd7 10. 0-0 Nb6 11. Rc1 Nxc4 12. Bxc4 Bg4 13. h3 Bxf3 14. Qxf3 c6 15. Qb3 Qd7 16. Rfe1 Rfe8 17. Re5 Rad8 18. a4 Rxe5 19. dxe5 Nd5 20. Rd1 h6 21. a5 Qc7 22. g3 Qxa5 23. Qxb7 Qc5 24. b3 Qb6 25. Qxb6 axb6 26. b4 b5 27. Bxd5 cxd5 28. f4 d4 29. Kf2 d3 30. Ke3 Rc8 31. Rxd3 Rc4 32. Rd4 Rc3+ 33. Kf2 Rb3 34. f5 Kf8 35. h4 Ke7 36. h5 Ke8 37. Kg2 Ke7 38. Kh3 Rb1 39. Kg4 Rb2 40. Kf4 Rc2 41. Ke4 Rc3 42. g4 Rg3 43. Kd5 Rc3 44. Rf4 Rc1 45. Re4 Rc2 46. Rf4 Rc1 47. f6+ gxf6 48. exf6+ Kd7 49. Re4 Kd8 50. Kd6 Rc7 51. Re8+ 1-0

[Event "EU-ch U18"]
[Site "Bratislava"]
[Date "2019.08.04"]
[Round "3"]
[White "Bekasovs, Rihards"]
[Black "Kozak, Antoni"]
[Result "0-1"]
[WhiteElo "2144"]
[BlackElo "2354"]
[PlyCount "72"]
[EventDate "2019.08.02"]
[EventType "swiss"]
[EventRounds "9"]
[EventCountry "SVK"]
[SourceTitle "CBM 191 Extra"]
[Source "ChessBase"]
[SourceDate "2019.09.30"]
[SourceVersion "1"]
[SourceVersionDate "2019.09.30"]
[SourceQuality "1"]

1. Nf3 d6 2. d4 f5 3. g3 g6 4. Bg2 Nf6 5. 0-0 Bg7 6. c4 0-0 7. Nc3 Nc6 8. d5 Na5 9. Qd3 e5 10. dxe6 Bxe6 11. b3 Nc6 12. Bb2 Ng4 13. e3 g5 14. Nd4 Bd7 15. Nxc6 Bxc6 16. Qe2 Bxg2 17. Kxg2 Qd7 18. h3 Ne5 19. f4 gxf4 20. exf4 Nc6 21. Nd5 Rae8 22. Qf2 Nd8 23. Rae1 Ne6 24. Bxg7 Qxg7 25. Qf3 c6 26. Nc3 Nc5 27. Rxe8 Rxe8 28. Rd1 Re6 29. b4 Ne4 30. Nxe4 Rxe4 31. Qd3 Qb2+ 32. Rd2 Qxb4 33. Rc2 Qc5 34. Qc3 Qd4 35. Qb3 Re3 36. Qb2 Qd3 0-1

[Event "LAT-chT"]
[Site "Riga"]
[Date "2019.06.09"]
[Round "6.1"]
[White "Bekasovs, Rihards"]
[Black "Berzinsh, Roland"]
[Result "1-0"]
[WhiteElo "2127"]
[BlackElo "2400"]
[PlyCount "147"]
[EventDate "2019.02.16"]
[EventType "team-tourn"]
[EventRounds "9"]
[EventCountry "LAT"]
[SourceTitle "CBM 190 Extra"]
[Source "ChessBase"]
[SourceDate "2019.07.15"]
[SourceVersion "1"]
[SourceVersionDate "2019.07.15"]
[SourceQuality "1"]
[WhiteTeam "Rigas Saha School"]
[BlackTeam "Termo Eko/RSF"]
[WhiteTeamCountry "LAT"]
[BlackTeamCountry "LAT"]

1. Nf3 d5 2. d4 c5 3. e3 Nf6 4. dxc5 e6 5. c4 Bxc5 6. Nc3 0-0 7. cxd5 exd5 8. Be2 Nc6 9. 0-0 a6 10. b3 Bg4 11. Bb2 Ba7 12. Rc1 Qd6 13. Nd4 Ne5 14. Bxg4 Nexg4 15. g3 Qe5 16. Kg2 Qe7 17. h3 Ne5 18. Nf3 Rad8 19. Nxe5 Qxe5 20. Qf3 Qe6 21. Ne2 Ne4 22. Qg4 g6 23. Qxe6 fxe6 24. Nf4 Rde8 25. Rc7 Rf7 26. Rfc1 Bb8 27. Rc8 Rff8 28. Rxe8 Rxe8 29. Nxe6 Bxg3 30. Nc7 Rf8 31. f3 Bh4 32. Nxd5 Nd2 33. f4 Rd8 34. Nf6+ Kf7 35. Rc7+ Ke6 36. Nxh7 Nxb3 37. axb3 Rd2+ 38. Kf3 Rxb2 39. Rxb7 Be7 40. Rb6+ Kf7 41. Rb7 Ke6 42. Rb6+ Kf7 43. Ng5+ Bxg5 44. fxg5 a5 45. Rb5 Ra2 46. Kf4 a4 47. bxa4 Rxa4+ 48. Ke5 Ra7 49. e4 Re7+ 50. Kf4 Ra7 51. Rb6 Re7 52. Rd6 Ra7 53. Ke5 Ra5+ 54. Kf4 Ra7 55. Rf6+ Kg7 56. Re6 Kf7 57. Rd6 Rb7 58. Rf6+ Kg7 59. e5 Rb4+ 60. Kg3 Rb5 61. Kf4 Rb4+ 62. Ke3 Rb3+ 63. Kd4 Rxh3 64. e6 Rh1 65. Ke5 Re1+ 66. Kd6 Rd1+ 67. Ke7 Ra1 68. Rf7+ Kg8 69. Kf6 Rf1+ 70. Kxg6 Re1 71. Kf6 Rf1+ 72. Ke7 Ra1 73. Rf5 Kg7 74. Rd5 1-0

[Event "LAT-chT"]
[Site "Riga"]
[Date "2019.02.17"]
[Round "3.3"]
[White "Semjonovs, Ilja"]
[Black "Bekasovs, Rihards"]
[Result "1-0"]
[WhiteElo "2398"]
[BlackElo "2127"]
[PlyCount "131"]
[EventDate "2019.02.16"]
[EventType "team-tourn"]
[EventRounds "9"]
[EventCountry "LAT"]
[SourceTitle "CBM 189 Extra"]
[Source "ChessBase"]
[SourceDate "2019.06.03"]
[SourceVersion "1"]
[SourceVersionDate "2019.06.03"]
[SourceQuality "1"]
[WhiteTeam "Maxon&Co"]
[BlackTeam "Rigas Saha School"]
[WhiteTeamCountry "LAT"]
[BlackTeamCountry "LAT"]

1. Nf3 Nf6 2. b3 e6 3. Bb2 b6 4. g3 Bb7 5. Bg2 c5 6. 0-0 Be7 7. c4 0-0 8. Nc3 d5 9. cxd5 Nxd5 10. Nxd5 Bxd5 11. Qc2 Bf6 12. Rfd1 Nc6 13. Rac1 Bxb2 14. Qxb2 Bxf3 15. Bxf3 Nd4 16. Qc3 Nxf3+ 17. Qxf3 e5 18. d3 Qe7 19. Rc4 Rad8 20. Rdc1 g6 21. a3 a5 22. Qc6 Rd6 23. Qb5 Qd7 24. Qxd7 Rxd7 25. b4 cxb4 26. axb4 a4 27. Rc6 Rb8 28. Rc8+ Rxc8 29. Rxc8+ Kg7 30. Ra8 Rd4 31. Rxa4 b5 32. Ra6 Rxb4 33. Kg2 h5 34. Kf3 Rb2 35. h4 Rb4 36. Rb6 Rb2 37. Ke3 Rb4 38. f4 f6 39. fxe5 fxe5 40. Re6 Kf7 41. Rxe5 Kf6 42. Rc5 Rb2 43. d4 b4 44. Rc6+ Kf5 45. Kf3 Rb3+ 46. e3 Rd3 47. Rb6 b3 48. Rc6 g5 49. Rc5+ Ke6 50. hxg5 b2 51. Rb5 Rd2 52. Ke4 Rg2 53. Rb6+ Kf7 54. g6+ Kg7 55. Kf4 Kh6 56. d5 Kg7 57. e4 Kh6 58. e5 Rd2 59. Ke4 Kg7 60. e6 Kxg6 61. Ke5 Re2+ 62. Kd6 Kf6 63. Kd7 Re5 64. e7+ Kf7 65. d6 Re2 66. Rb8 1-0

[Event "World ol U16"]
[Site "Konya"]
[Date "2018.11.27"]
[Round "4.16"]
[White "Olsen, Filip Boe"]
[Black "Bekasovs, Rihards"]
[Result "1-0"]
[WhiteElo "2335"]
[BlackElo "2182"]
[PlyCount "61"]
[EventDate "2018.11.25"]
[EventType "team-swiss"]
[EventRounds "9"]
[EventCountry "TUR"]
[SourceTitle "CBM 187 Extra"]
[Source "ChessBase"]
[SourceDate "2018.11.04"]
[SourceVersion "1"]
[SourceVersionDate "2018.11.04"]
[SourceQuality "1"]
[WhiteTeam "Denmark"]
[BlackTeam "Latvia"]
[WhiteTeamCountry "DEN"]
[BlackTeamCountry "LAT"]

1. d4 Nf6 2. c4 c5 3. d5 b5 4. cxb5 a6 5. e3 axb5 6. Bxb5 Qa5+ 7. Nc3 Bb7 8. Bd2 Qb6 9. Nf3 Nxd5 10. a4 Nb4 11. 0-0 N8c6 12. e4 e6 13. Bf4 Be7 14. Ne5 Qd8 15. Qg4 0-0 16. Rad1 d6 17. Nxc6 Nxc6 18. Bxc6 Bxc6 19. Rd3 f5 20. exf5 Rxf5 21. Re1 Qd7 22. Bg3 d5 23. Rde3 h5 24. Qe2 h4 25. Be5 d4 26. Rd3 Qb7 27. Qg4 Bd8 28. Qg6 Rxe5 29. Rxe5 dxc3 30. Qxe6+ Kf8 31. Rxd8+ 1-0

[Event "Berlin Lichtenrade op 14th"]
[Site "Berlin"]
[Date "2018.11.04"]
[Round "9"]
[White "Shishkin, Vadim"]
[Black "Bekasovs, Rihards"]
[Result "0-1"]
[WhiteElo "2453"]
[BlackElo "2182"]
[PlyCount "72"]
[EventDate "2018.10.27"]
[EventType "swiss"]
[EventRounds "9"]
[EventCountry "GER"]
[SourceTitle "CBM 187 Extra"]
[Source "ChessBase"]
[SourceDate "2018.11.04"]
[SourceVersion "1"]
[SourceVersionDate "2018.11.04"]
[SourceQuality "1"]

1. d4 Nf6 2. c4 c5 3. d5 b5 4. cxb5 a6 5. bxa6 g6 6. Nc3 Bg7 7. e4 0-0 8. Be2 Bxa6 9. Nf3 Qa5 10. 0-0 d6 11. Re1 Nfd7 12. Bg5 Re8 13. Qd2 Bxe2 14. Rxe2 Na6 15. Bf4 Nb4 16. e5 dxe5 17. Nxe5 Rad8 18. Nxd7 Rxd7 19. d6 Qa8 20. a3 Bxc3 21. bxc3 Nd5 22. Bg3 Nf6 23. Be5 Ne4 24. Qh6 f6 25. Qh3 e6 26. Rae1 fxe5 27. Rxe4 Rxd6 28. Rxe5 Qxa3 29. Qe3 c4 30. h4 Rd3 31. Qh6 Qe7 32. h5 Qg7 33. Qf4 Rxc3 34. Rxe6 Rf8 35. Re8 Rc2 36. R1e7 Qxe7 0-1

[Event "Klaipeda Sea 15th"]
[Site "Klaipeda"]
[Date "2018.07.27"]
[Round "7"]
[White "Bekasovs, Rihards"]
[Black "Laurusas, Tomas"]
[Result "0-1"]
[WhiteElo "2052"]
[BlackElo "2465"]
[PlyCount "54"]
[EventDate "2018.07.23"]
[EventType "tourn"]
[EventRounds "9"]
[EventCountry "LTU"]
[EventCategory "3"]
[SourceTitle "CBM 185 Extra"]
[Source "ChessBase"]
[SourceDate "2018.07.29"]
[SourceVersion "1"]
[SourceVersionDate "2018.07.29"]
[SourceQuality "1"]

1. d4 Nf6 2. Nf3 g6 3. Nbd2 d5 4. e3 Bg7 5. b4 0-0 6. Be2 Bf5 7. Bb2 c6 8. 0-0 Qb6 9. a3 a5 10. c4 Nbd7 11. Qb3 a4 12. Qc3 Qa7 13. b5 Rac8 14. Qb4 dxc4 15. bxc6 bxc6 16. Nxc4 c5 17. dxc5 Nxc5 18. Qb6 Qxb6 19. Nxb6 Rb8 20. Nc4 Nb3 21. Ra2 Ne4 22. Bxg7 Kxg7 23. Rb2 Nc3 24. Nce5 Nc1 25. Rxc1 Rxb2 26. Rxc3 Rxe2 27. h3 Rc8 0-1